Skip to content
VuFind
All Fields
Title
Author
Subject
Call Number
ISBN/ISSN
Tag
Find
Advanced
Under cover of dayhight
Cite this
Print
Export Record
Export to RefWorks
Export to EndNoteWeb
Export to EndNote
Export to MARC
Under cover of dayhight
Bibliographic Details
Format:
Book
Holdings
Description
Similar Items
Staff View
MARC
LEADER
00000cam a2200000 7i4500
001
0000009899
002
000010781
005
20000330.0
020
|a
0446352314
090
0
0
|a
F
|b
HAL
245
1
0
|a
Under cover of dayhight
999
|a
0013676
|b
BUKU
|c
PINJAMAN
|e
PERPUSTAKAAN KOMUNITI PETALING JAYA
Similar Items
Model under cover : dressed to kill
by: Axelsson, Carina
Published: (2016)
Bali under cover
by: Scott, Malcolm
Published: (2015)
Under cover : the A - Z of general insurance
by: Frankland, Paul
Published: (1994)
Kuala Lumpur under cover II
by: Ewe Paik Leong
Published: (2017)
SAUDI ARABIA UNDER COVER : Includes Bahrain, Bangkok and Cairo
by: Walsh, Harper
Published: (2019)